Bottiglie vuote, Pinguini Tattici Nucleari - Statistics

Statistiche generali
  • Questo quiz è stato fatto 82 volte
  • Il punteggio medio è 288 su 345
Statistiche sulle risposte
Risposta % Corretto
a
100%
d
100%
di
100%
e
100%
i
100%
bottiglie
98%
che
98%
ma
98%
ne
98%
tu
98%
vuote
98%
le
95%
mare
95%
al
93%
gli
93%
me
93%
per
93%
quando
93%
se
93%
so
93%
ti
93%
alle
91%
la
91%
notte
91%
quattro
91%
un
91%
C'è
89%
c'è
89%
ce
89%
dormono
89%
nel
89%
stare
89%
tutti
89%
una
89%
aerei
86%
come
86%
con
86%
da
86%
guardare
86%
in
86%
nelle
86%
new
86%
non
86%
portarti
86%
sono
86%
vanno
86%
york
86%
cosa
84%
cuore
84%
dentro
84%
hai
84%
hanno
84%
mille
84%
mondo
84%
onde
84%
questo
84%
sei
84%
si
84%
sogni
84%
storia
84%
tranne
84%
troverò
84%
vorrei
84%
caviglie
82%
figli
82%
nascondi
82%
noi
82%
speri
82%
ho
80%
mai
80%
sepolta
80%
chi
77%
dell
77%
legata
77%
più
77%
sai
77%
troia
77%
volare
77%
achille
75%
già
75%
ieri
75%
io
75%
mia
75%
nata
75%
però
75%
ritorna
75%
cielo
73%
conchiglie
73%
il
73%
luna
73%
oggi
73%
pure
73%
saper
73%
siringa
73%
spettacolare
73%
tuffi
73%
calpestare
70%
della
70%
famiglia
70%
figlio
70%
lacrime
70%
nero
70%
sconosciuti
70%
vuoi
70%
aspettative
68%
casa
68%
cortile
68%
dipinto
68%
letto
68%
mie
68%
nudi
68%
pupille
68%
raccontare
68%
scappa
68%
tuo
68%
turista
68%
unica
68%
algida
66%
debolezze
66%
dirle
66%
era
66%
fosse
66%
grandi
66%
imbecille
66%
memoria
66%
nome
66%
nuovo
66%
perché
66%
sul
66%
vita
66%
amore
64%
cambia
64%
cenere
64%
fumare
64%
lettera
64%
mischia
64%
noia
64%
postille
64%
proverò
64%
rimetterle
64%
sabbia
64%
strike
64%
troppe
64%
anish
61%
bambini
61%
bottiglia
61%
cannuccia
61%
chiamarti
61%
chiedere
61%
conosci
61%
cresce
61%
darò
61%
fondo
61%
lingua
61%
lucky
61%
ogni
61%
pianto
61%
piena
61%
scappati
61%
sfuma
61%
spuma
61%
tavolino
61%
estate
59%
lettere
57%
chiuse
55%
kapoor
55%
potrò
50%
Nessun quiz corrispondente trovato
Distribuzione punteggi
Percentuale di utenti per punteggio
Percentile per numero di risposta
I tuoi punteggi nel tempo
Non hai fatto questo quiz